[Event "FICGS W-ch KO final email"]
[Site "FICGS email"]
[Date "2018.03.07"]
[Round "4"]
[White "Legrand, Stephane"]
[Black "Kruse, Herbert"]
[Result "1/2-1/2"]
[WhiteElo "2321"]
[BlackElo "2409"]
[PlyCount "61"]
[EventDate "2018.??.??"]
[EventType "match (corr)"]
[EventRounds "3"]
[SourceTitle "Corr 2022"]
[Source "ChessBase"]
[SourceDate "2021.10.24"]
[SourceVersion "1"]
[SourceVersionDate "2021.10.24"]
[SourceQuality "1"]

1. d4 Nf6 2. c4 e6 3. Nf3 b6 4. g3 Ba6 5. b3 Bb4+ 6. Bd2 Be7 7. Bg2 c6 8. Bc3 d5 9. Ne5 0-0 10. 0-0 Qc7 11. Nd2 Rd8 12. Rc1 Nbd7 13. Nd3 Rac8 14. Re1 Ba3 15. Rc2 c5 16. dxc5 Bxc5 17. Bb2 Bf8 18. Qa1 Qb8 19. Rec1 Rc7 20. a3 Rdc8 21. Qb1 dxc4 22. Nxc4 Bb7 23. b4 a6 24. Bxb7 Qxb7 25. Bd4 Qe4 26. Nd2 Qb7 27. f3 Ne8 28. Qb3 Nd6 29. a4 Rxc2 30. Rxc2 b5 31. Rxc8 1/2-1/2

[Event "Montigny Autumn-A 16th"]
[Site "Montigny le Bretonneux"]
[Date "2017.10.29"]
[Round "9"]
[White "Lialy Yao, Mustapha"]
[Black "Legrand, Stephane"]
[Result "1/2-1/2"]
[WhiteElo "1855"]
[BlackElo "2086"]
[PlyCount "79"]
[EventDate "2017.10.21"]
[EventType "tourn"]
[EventRounds "9"]
[EventCountry "FRA"]
[SourceTitle "EXT 2019"]
[Source "ChessBase"]
[SourceDate "2018.10.10"]
[SourceVersion "1"]
[SourceVersionDate "2018.10.10"]
[SourceQuality "1"]

1. e4 e5 2. Nf3 Nc6 3. Bb5 f5 4. Nc3 Nf6 5. exf5 Bc5 6. 0-0 0-0 7. Nxe5 Nxe5 8. d4 Bxd4 9. Qxd4 d6 10. Bf4 Bxf5 11. Bxe5 dxe5 12. Bc4+ Kh8 13. Qxe5 Bxc2 14. Rac1 Bg6 15. Rcd1 Qe8 16. Qxe8 Raxe8 17. Nb5 c6 18. Nd6 Re7 19. Rfe1 Rxe1+ 20. Rxe1 b5 21. Bb3 h5 22. Rc1 Be8 23. f3 Bd7 24. Nf7+ Kh7 25. Ne5 Rc8 26. Rc5 Be8 27. a4 Rb8 28. a5 Rd8 29. Be6 Rd6 30. Bf5+ g6 31. Bc2 Kg7 32. Kf2 Rd5 33. Nd3 Rxc5 34. Nxc5 Nd5 35. g3 Kf6 36. f4 Ke7 37. Nd3 Kf6 38. h4 Ne7 39. Ne5 Nd5 40. Kf3 1/2-1/2

[Event "Montigny Autumn-A 16th"]
[Site "Montigny le Bretonneux"]
[Date "2017.10.27"]
[Round "7"]
[White "Legrand, Stephane"]
[Black "Forissier, Nicolas"]
[Result "0-1"]
[WhiteElo "2086"]
[BlackElo "1980"]
[PlyCount "88"]
[EventDate "2017.10.21"]
[EventType "tourn"]
[EventRounds "9"]
[EventCountry "FRA"]
[SourceTitle "EXT 2019"]
[Source "ChessBase"]
[SourceDate "2018.10.10"]
[SourceVersion "1"]
[SourceVersionDate "2018.10.10"]
[SourceQuality "1"]

1. Nf3 Nf6 2. c4 c5 3. g3 g6 4. Bg2 Bg7 5. 0-0 0-0 6. Nc3 Nc6 7. d4 cxd4 8. Nxd4 Ng4 9. e3 Nge5 10. b3 d6 11. h3 Nxd4 12. exd4 Nc6 13. Be3 e5 14. dxe5 dxe5 15. Bc5 Re8 16. Ne4 Qa5 17. Qe1 Qc7 18. Rd1 Be6 19. Nd6 Red8 20. Nb5 Qc8 21. Kh2 a6 22. Nc3 Nd4 23. Bb6 Rd6 24. c5 Rxb6 25. cxb6 Bxh3 26. Nd5 Qd7 27. Qe4 Bxg2 28. Qxg2 f5 29. Nc7 Rf8 30. Qxb7 Rd8 31. Qxa6 e4 32. Qc4+ Kh8 33. Rxd4 Bxd4 34. Rd1 f4 35. Ne6 fxg3+ 36. fxg3 Bg1+ 37. Kg2 Qxd1 38. Nxd8 Bxb6 39. Qc3+ Bd4 40. Nf7+ Kg7 41. Qc8 Qg1+ 42. Kh3 Qh1+ 43. Kg4 h5+ 44. Kf4 Qf3+ 0-1

[Event "Montigny Autumn-A 16th"]
[Site "Montigny le Bretonneux"]
[Date "2017.10.23"]
[Round "3"]
[White "Legrand, Stephane"]
[Black "Daurelle, Herve"]
[Result "0-1"]
[WhiteElo "2086"]
[BlackElo "2180"]
[PlyCount "78"]
[EventDate "2017.10.21"]
[EventType "tourn"]
[EventRounds "9"]
[EventCountry "FRA"]
[SourceTitle "EXT 2019"]
[Source "ChessBase"]
[SourceDate "2018.10.10"]
[SourceVersion "1"]
[SourceVersionDate "2018.10.10"]
[SourceQuality "1"]

1. d4 Nf6 2. c4 e6 3. g3 c5 4. Nf3 cxd4 5. Nxd4 d5 6. Bg2 e5 7. Nf3 d4 8. 0-0 Nc6 9. e3 Be7 10. exd4 exd4 11. Nbd2 0-0 12. Nb3 d3 13. Be3 Be6 14. Nfd2 Qd7 15. Nc5 Bxc5 16. Bxc5 Rfd8 17. b3 Bh3 18. Re1 Bxg2 19. Kxg2 b6 20. Be3 Nb4 21. Bg5 Qc6+ 22. Kg1 Nc2 23. Re5 Nxa1 24. Qxa1 Re8 25. Rf5 Ne4 26. Be3 Nxd2 27. Bxd2 Rad8 28. Rg5 f6 29. Rf5 Re4 30. Qc3 Red4 31. h4 g6 32. Rf4 Rxf4 33. Bxf4 Kf7 34. Be3 Qf3 35. c5 Qxe3 36. cxb6 Qxb6 37. Qd2 Qc6 38. h5 gxh5 39. Qh6 Kg8 0-1

[Event "Montigny Autumn-A 16th"]
[Site "Montigny le Bretonneux"]
[Date "2017.10.22"]
[Round "2"]
[White "O'Sullivan, Thomas"]
[Black "Legrand, Stephane"]
[Result "1-0"]
[WhiteElo "2222"]
[BlackElo "2086"]
[PlyCount "107"]
[EventDate "2017.10.21"]
[EventType "tourn"]
[EventRounds "9"]
[EventCountry "FRA"]
[SourceTitle "EXT 2019"]
[Source "ChessBase"]
[SourceDate "2018.10.10"]
[SourceVersion "1"]
[SourceVersionDate "2018.10.10"]
[SourceQuality "1"]

1. d4 d5 2. c4 c6 3. Nc3 Nf6 4. Nf3 dxc4 5. a4 Bf5 6. Ne5 e6 7. f3 Bb4 8. Nxc4 c5 9. e4 Bg6 10. Be3 cxd4 11. Qxd4 Qxd4 12. Bxd4 Nc6 13. Be3 0-0 14. 0-0-0 a6 15. Bb6 h5 16. Be2 Rac8 17. Rd2 e5 18. Rhd1 Nd4 19. Bxd4 exd4 20. Rxd4 Bxc3 21. bxc3 b5 22. axb5 axb5 23. Ne5 Rxc3+ 24. Kb2 Rc5 25. Nxg6 fxg6 26. Rd8 Rc8 27. Rxc8 Rxc8 28. Rd6 Rc5 29. Rb6 g5 30. Rxb5 Rxb5+ 31. Bxb5 Kf8 32. Kc3 g4 33. Kd4 gxf3 34. gxf3 Ke7 35. Ke5 g6 36. Kf4 Nh7 37. e5 Kf7 38. Bc4+ Kg7 39. h4 Nf8 40. Ke4 Nd7 41. Kd4 Kf8 42. Bb5 Nb6 43. Kc5 Nc8 44. Bd7 Ne7 45. Kd6 Kf7 46. Bh3 Kf8 47. Be6 Ke8 48. f4 Kd8 49. Bd7 Ng8 50. Bc6 Nh6 51. Be4 Ng4 52. Bxg6 Ne3 53. Bxh5 Nf5+ 54. Ke6 1-0

[Event "FICGS W-ch qf2 email"]
[Site "FICGS email"]
[Date "2017.07.01"]
[Round "1"]
[White "Bleker, Frits"]
[Black "Legrand, Stephane"]
[Result "1/2-1/2"]
[WhiteElo "2375"]
[BlackElo "2325"]
[PlyCount "83"]
[EventDate "2017.??.??"]
[EventType "match (corr)"]
[EventRounds "5"]
[SourceTitle "Corr 2022"]
[Source "ChessBase"]
[SourceDate "2021.10.24"]
[SourceVersion "1"]
[SourceVersionDate "2021.10.24"]
[SourceQuality "1"]

1. e4 c5 2. Nf3 Nc6 3. d4 cxd4 4. Nxd4 Nf6 5. Nc3 e5 6. Ndb5 d6 7. Bg5 a6 8. Na3 b5 9. Nd5 Be7 10. Bxf6 Bxf6 11. c3 0-0 12. Nc2 Bg5 13. a4 bxa4 14. Rxa4 a5 15. Bc4 Rb8 16. b3 Kh8 17. Nce3 Ne7 18. 0-0 Nxd5 19. Nxd5 f5 20. exf5 Bxf5 21. Qe2 Be6 22. Rd1 Rc8 23. g3 Bd7 24. Ra2 Rb8 25. Rda1 Qc8 26. Rxa5 Bg4 27. Qe1 Bf3 28. R1a2 h5 29. Be2 Qf5 30. Bxf3 Qxf3 31. Qe2 Qxe2 32. Rxe2 Rxb3 33. Ra6 Rd8 34. Kg2 Bc1 35. Rea2 Bb2 36. Nc7 d5 37. Ra8 Rxa8 38. Rxa8+ Kh7 39. Nxd5 Bxc3 40. Nxc3 Rxc3 41. Ra5 g5 42. Rxe5 1/2-1/2

[Event "FICGS W-ch qf3 email"]
[Site "FICGS email"]
[Date "2016.11.02"]
[Round "5"]
[White "Legrand, Stephane"]
[Black "De Vassal, Thibault"]
[Result "1-0"]
[WhiteElo "2343"]
[BlackElo "2258"]
[PlyCount "143"]
[EventDate "2016.??.??"]
[EventType "match (corr)"]
[EventRounds "5"]
[SourceTitle "Corr 2022"]
[Source "ChessBase"]
[SourceDate "2021.10.24"]
[SourceVersion "1"]
[SourceVersionDate "2021.10.24"]
[SourceQuality "1"]

1. d4 Nf6 2. c4 g6 3. Nc3 Bg7 4. e4 d6 5. Be2 0-0 6. Be3 e5 7. d5 Nbd7 8. Nf3 Ng4 9. Bg5 f6 10. Bh4 Nh6 11. Nd2 g5 12. Bg3 f5 13. exf5 Nf6 14. 0-0 Bxf5 15. Re1 Qd7 16. c5 Bg6 17. Nf3 Nf7 18. Rc1 Bh6 19. Ra1 Bg7 20. Bb5 Qf5 21. Ba4 Nd7 22. cxd6 cxd6 23. Rc1 Nc5 24. Bc2 Nd3 25. Rb1 Rac8 26. Re2 Rc7 27. h4 e4 28. Nxe4 Nf4 29. Re1 Bh5 30. hxg5 Bxf3 31. Qxf3 Nh3+ 32. Kh2 Qxf3 33. gxf3 Nhxg5 34. Bd1 Nxe4 35. Rxe4 Ne5 36. f4 Nd3 37. Be2 Nc5 38. Rc4 a5 39. Kg2 Rf5 40. Rc2 Bh6 41. b4 axb4 42. Rxb4 Rg7 43. Kf3 Rgf7 44. Bf1 Kf8 45. Rd2 Bg7 46. Rd1 Rh5 47. Rb6 Rh6 48. Rc1 Bd4 49. Rc4 Bg7 50. Bg2 Ke8 51. Ke2 Bf8 52. Bf3 Kd8 53. Bg4 Rc7 54. Rb1 Be7 55. Kf3 Ke8 56. Rc3 Kf8 57. a4 Rf6 58. Rh1 Kg7 59. a5 Rh6 60. Rxh6 Kxh6 61. f5 Bf8 62. Re3 Kg7 63. Re8 Nd7 64. f6+ Nxf6 65. Rc8 Nxd5 66. Rxc7+ Nxc7 67. Bc8 Kf6 68. Bxb7 Ke6 69. a6 Bg7 70. a7 Bd4 71. a8Q Nxa8 72. Bxa8 1-0

[Event "Montigny le Bretonneux-A 15th"]
[Site "Montigny le Bretonneux"]
[Date "2016.10.25"]
[Round "4.2"]
[White "Daurelle, Herve"]
[Black "Legrand, Stephane"]
[Result "1/2-1/2"]
[WhiteElo "2178"]
[BlackElo "2017"]
[PlyCount "108"]
[EventDate "2016.10.22"]
[EventType "tourn"]
[EventRounds "9"]
[EventCountry "FRA"]
[SourceTitle "EXT 2024"]
[Source "ChessBase"]
[SourceDate "2023.10.10"]
[SourceVersion "1"]
[SourceVersionDate "2023.10.10"]
[SourceQuality "1"]

1. e4 e6 2. d4 d5 3. Nd2 Nf6 4. e5 Nfd7 5. c3 c5 6. Bd3 Nc6 7. Ne2 cxd4 8. cxd4 f6 9. exf6 Nxf6 10. Nf3 Bd6 11. 0-0 0-0 12. Bf4 Bxf4 13. Nxf4 Ne4 14. Qc1 Ng5 15. Nxg5 Qxg5 16. Bxh7+ Kxh7 17. Nxe6 Qxc1 18. Nxf8+ Kg8 19. Raxc1 Kxf8 20. Rfe1 Kf7 21. Rc3 Bf5 22. f3 Rd8 23. g4 Be6 24. Kf2 Rh8 25. Kg3 g5 26. b4 Nxb4 27. Rb1 a5 28. a3 Nc6 29. Rxb7+ Ne7 30. Rcc7 Re8 31. h4 gxh4+ 32. Kxh4 Bc8 33. Ra7 Ke6 34. Rxe7+ Rxe7 35. Rxe7+ Kxe7 36. Kg5 Ba6 37. f4 Bd3 38. f5 Kf7 39. Kf4 Be2 40. g5 a4 41. Ke5 Bd3 42. g6+ Kf8 43. Kf6 Be4 44. Ke6 Bd3 45. Kf6 Be4 46. Kg5 Ke7 47. f6+ Kf8 48. g7+ Kf7 49. Kf4 Bh7 50. Ke5 Bg8 51. Kf5 Bh7+ 52. Ke5 Bg8 53. Kf5 Bh7+ 54. Ke5 Bg8 1/2-1/2